People's plants : (Record no. 379)

MARC details
000 -LEADER
fixed length control field 01106nam a22003017a 4500
001 - CONTROL NUMBER
control field 11928800
005 - DATE AND TIME OF LATEST TRANSACTION
control field 20230608165148.0
008 - FIXED-LENGTH DATA ELEMENTS--GENERAL INFORMATION
fixed length control field 230608b |||||||| |||| 00| 0 eng d
010 ## - LIBRARY OF CONGRESS CONTROL NUMBER
LC control number 00311710
020 ## - INTERNATIONAL STANDARD BOOK NUMBER
International Standard Book Number 1875093192
040 ## - CATALOGING SOURCE
Original cataloging agency DLC
Transcribing agency KMU
Modifying agency KMU
Description conventions rda
042 ## - AUTHENTICATION CODE
Authentication code pcc
043 ## - GEOGRAPHIC AREA CODE
Geographic area code fs-----
050 00 - LIBRARY OF CONGRESS CALL NUMBER
Classification number QK98.4.A356 Van
100 1# - MAIN ENTRY--PERSONAL NAME
Personal name Van Wyk, Ben-Erik.
245 10 - TITLE STATEMENT
Title People's plants :
Remainder of title a guide to useful plants of Southern Africa /
Statement of responsibility, etc. Ben-Erik van Wyk, Nigel Gericke.
246 1# - VARYING FORM OF TITLE
Display text At head of title:
Title proper/short title Dedicated to the African Renaissance
250 ## - EDITION STATEMENT
Edition statement 1st ed.
260 ## - PUBLICATION, DISTRIBUTION, ETC.
Place of publication, distribution, etc. Pretoria, South Africa :
Name of publisher, distributor, etc. Briza Publications,
Date of publication, distribution, etc. 2000.
300 ## - PHYSICAL DESCRIPTION
Extent 351 p. :
Other physical details col. ill. ;
Dimensions 25 cm.
504 ## - BIBLIOGRAPHY, ETC. NOTE
Bibliography, etc. note Includes bibliographical references.
650 #0 - SUBJECT ADDED ENTRY--TOPICAL TERM
Topical term or geographic name entry element Plants, Useful
Geographic subdivision Africa, Southern
Form subdivision Identification.
650 #0 - SUBJECT ADDED ENTRY--TOPICAL TERM
Topical term or geographic name entry element Plants, Useful
Geographic subdivision Africa, Southern
Form subdivision Pictorial works.
700 1# - ADDED ENTRY--PERSONAL NAME
Personal name Gericke, Nigel.
906 ## - LOCAL DATA ELEMENT F, LDF (RLIN)
a 7
b cbc
c orignew
d 3
e ncip
f 20
g y-gencatlg
942 ## - ADDED ENTRY ELEMENTS (KOHA)
Source of classification or shelving scheme Library of Congress Classification
Koha item type Non-Fiction
Suppress in OPAC No
Holdings
Withdrawn status Lost status Source of classification or shelving scheme Damaged status Not for loan Collection Home library Current library Shelving location Date acquired Source of acquisition Total Checkouts Full call number Barcode Date last seen Date last checked out Price effective from Koha item type
    Library of Congress Classification     Non-fiction Kapasa Makasa University Kapasa Makasa University Open Access 08.06.2023 Book Aid International 1 QK 98.4.S6 Van 743779 27.02.2024 13.02.2024 08.06.2023 Non-Fiction